000 00496nam a2200181Ia 4500
005 20250326142950.0
008 250326s9999 xx 000 0 und d
037 _aTextbook
040 _aFMSL
_beng
_cFMSL
041 _aeng
_2eng
084 _aS:86 N6
_qFMSL
100 _aWoolfe R
_9735780
245 0 _aCounselling Psychology
_cWoolfe R; Dryden W
260 _aLondon
_bLondon, Sage Publications
_c1996
300 _a662p
942 _cTB
_hS:86 N6
999 _c1297487
_d1297487